00287nam a2200109Ia 4500008004100000041000800041100001900049245003700068260003500105300000900140700002800149250110s9999 xx 000 0 und d aeng aMathew Aswathi aKala Kendra At Narayan Peth Pune bFinal Year B. Arch, BNCAc2014 a100p aGuide Name:Nawale Rahul